000 00476nam a2200205Ia 4500
003 OSt
005 20260219103117.0
008 210210b1970 xxu||||| |||| 00| 0 eng d
040 _cAL
041 _aeng
082 _a823.8 DYSI
100 _aDyson A E
_9255782
245 _aInimitable Dickens
260 _aLondon
_bMacmillan & Co Ltd
_c1970
300 _a303p
650 _aDickens
_9255783
690 _aEnglish Fiction
_9255784
906 _a028509
942 _2ddc
_cBK
999 _c79752
_d79752